Visualizzazione normale
Vista MARC
- Sabra W.
di Personal Name
Records bibliografici associati: 1
001 - CONTROL NUMBER
- control field: 6336
003 - CONTROL NUMBER IDENTIFIER
- control field: IT-RoPau
005 - DATE AND TIME OF LATEST TRANSACTION
- control field: 20131219154845.0
008 - FIXED-LENGTH DATA ELEMENTS
- fixed length control field: 131219|| aca||aabn | a|a d
040 ## - CATALOGING SOURCE
- Original cataloging agency: IT-RoPau
- Transcribing agency: IT-RoPau
100 ## - HEADING--PERSONAL NAME
- Personal name: Sabra W.
- Dates associated with a name: Codice autore SPICS: 18090
- Relator term: Autore musica
- Name of part/section of a work: Inno nazionale libanese
670 ## - SOURCE DATA FOUND
- Source citation: Work cat.: (IT-RoPau)99995: AA.VV. 794, Inni nazionali di tutto il mondo